000
00330nam a22001457a 4500
008
230419b ||||| |||| 00| 0 eng d
020
_a
9780199265848
041
_a
eng
080
_a
330.101
082
_a
330.101RAV
100
_a
23.1
101
_a
ECONO
245
_a
GLOBAL POLITICAL ECONOMY
_c
RAVENHILL.J
942
_2
udc
_c
BK
999
_c
59608
_d
59608